01766nam a2200409 i 450000100060000000300100000600500170001600700030003300800410003602000180007702000150009504000350011004100080014504300120015308200200016508400130018510000390019824502010023725000220043826400540046030000590051433600270057333700330060033800280063349000210066150502160068252100420089865000360094065000390097665000450101565100420106070000490110270000460115194200120119799900170120995201300122657664CO-BoRNBP20250718153633.0ta231010t2018 ck a|||g| 001 0|spa | a9789584274519 a9584274511 aCO-BoRNBPbspaerdacCO-BoRNBP0 hspa as-ck---04a330.9bH27f222 aRES005991 aHerrera Mora, Camiloeautor93447510aFormalmente informalesbun ensayo sobre la clase media colombiana y los dilemas a los que se enfrenta cCamilo Herrera Mora ; con la colaboración de Alejandra Acosta Bulla y Ricardo Silva Romero aPrimera edición aBogotá, ColombiabPlaneta Colombiana S.A.c2018 a207 páginasbilustraciones en blanco y negroc23 cm  atextobtxt2rdacontent asin mediaciónbn2rdamedia avolumenbnc2rdacarrier0 aPaidós empresa0 a¿Cuál es el origen de nuestra (in)formalidad?. -- ¿Cómo nos (in)formalizamos los colombianos?. -- ¿Realmente qué tan (in)formales somos?. -- ¿Cómo hacemos para salir bien de la (in)formalidad mala?. aRecomendado para un público adulto 17aEconomía informal2LEMB9702317aCreación de empresa2LEMB95887617aTrabajadores independientes2LEMB958877 aColombiaxCondiciones sociales9588781 aAcosta Bulla, Alejandraecolaboradora9588791 aSilva Romero, Ricardoecolaborador928413 2ddccBK c57664d57664 00102ddc40708GENaMERESTREbMERESTREcGENd2025-07-18l0o330.9 H27fpRES00599r2025-07-18 15:37:02tEj.1w2025-07-18yBK